00725 2200241 4500001002100000005001700021008004100038020002200079035002500101040001200126082001800138084001800156090001800174100002400192245011000216250001100326260002700337300002500364500003100389650003000420850001200450990002100462INLIS00000000000051620141127094926.0  a978-979-29-3637-7 a0010-101400000000411 aYOPDYOG aDEP 221 Sir T aDEP 221 Sir T aDEP 221 Sir T aSIRINGO-RINGO, V.M. aTheologi perjanjian lamab: sejarah metode dan pokok-pokok theologi perjanjian lamac/ V.M. Siringo-ringo aCet. 1 aYogyakartabAndic2013 avi, 258 hlm.c21 cm. aBibliografi : hlm. 257-258 aAlKitab - Perjanjian lama aYOPDYOG aCB-D.11-2013-797